| 000 | 00836nam a2200241 a 4500 | ||
|---|---|---|---|
| 003 | DO-SdBNP | ||
| 005 | 20220914124135.0 | ||
| 007 | ta | ||
| 008 | 220914e2012 dr ac||gr|||| 00| 0 spa d | ||
| 040 |
_aDO-SdBNP _bspa _cBNPHU |
||
| 082 | 4 |
_222 _bU58L |
|
| 110 | _aUniversidad Autónoma de Santo Domingo | ||
| 245 | 1 | 0 |
_aLibro de graduación SEDE: _binvestidura ordinaria del 28 de octubre, 2012. / _cPresentación, Mateo Aquino Febrillet |
| 250 | _aEdición especial | ||
| 260 |
_aSanto Domingo : _bUniversitaria, UASD _c2012 |
||
| 300 |
_a144 p. : _bil., retr. ; _c27 cm. |
||
| 500 | _a474 Aniversario, 28 de octubre, 2012 | ||
| 590 | _aInventariado 2022 / MF | ||
| 650 | 4 |
_982000 _aTítulos académicos _zRepública Dominicana |
|
| 700 | 2 |
_953559 _aFebrillet, Mateo Aquino, _d1955- _epresent. |
|
| 910 | _aMFeliz | ||
| 942 |
_2ddc _cLBS1 |
||
| 999 |
_c52392 _d52392 |
||